000 00667nam a2200193Ia 4500
008 151121s9999||||xx |||||||||||||| ||und||
082 _a025।435/कोल्हट
082 _bHNW-26387
100 _aकोल्हटकर वा।पु।
245 _aकोलन पध्दति
260 _b"महाराष्ट्र ग्रंथालय संघ, पुणे।"
260 _c--
300 _a24
600 _aकोल्हटकर वा।पु।
630 _aकोलन पध्दति
700 _aकोल्हटकर वा।पु।
730 _aकोलन पध्दति
942 _cBOOK
999 _c1223036
_d1223033